000 00677nam a2200229 4500
003 OSt
005 20151208171824.0
008 850806s1985 sp 000 spa
020 _a84-206-9272-7
040 _cBMC
082 _a808.06842
100 1 _aHardy, Thomas
_d1840-1928
_958
245 1 3 _aEl brazo marchito y otros relatos
_cThomas Hardy ; [traducción, Javier Marías]
250 _a2ª ed
260 _aMadrid
_bAlianza
_c1985
300 _a258 p.
_c18 cm
490 0 _aBiblioteca fundamental de nuestro tiempo
_v72
595 _aTraducción de: The three strangers
650 2 4 _929437
_aCuentos ingleses
700 1 _aMarías, Javier
_931557
942 _2ddc
_cBK
999 _c23821
_d23821